| 000 | 01018nam a2200253 a 4500 | ||
|---|---|---|---|
| 001 | BRCA_6435 | ||
| 005 | 20190321142920.0 | ||
| 008 | 220911s19uu----gw-ab#####---#000-0#ger-# | ||
| 041 | _ager | ||
| 044 | _agw | ||
| 050 | 4 | _b.A44 1920 | |
| 245 | 1 | 0 |
_aAmericana _bHandschriften, Bücher, Stiche und Autographen aus dem Besitze des Kaisers Maximilian von Mexico und Ch. E. Brasseur de Bourbourg´s Die Bibliothek Edward Salomon´s. |
| 260 |
_aFrankfurt _bJoseph Baer & Co. _c[19--?] |
||
| 300 |
_a265 p. _bil., 12 láminas (algunas plegadas), mapas _c25 cm. |
||
| 500 | _aCatálogo de subasta inventariado por Banco de México como libro. | ||
| 500 | _aCDE41 | ||
| 600 | 1 | 4 |
_aMaximiliano _cEmperador de México _d1832-1867 _vCatálogos _xBienes _916077 |
| 600 | 1 | 4 |
_aBrasseur, Charles E. _cde Bourbourg de la Biblioteca Eduardo Salomón _xBienes _916078 |
| 650 | 1 | 4 |
_aGrabados y manuscritos _vCatálogos _916079 |
| 650 | 1 | 4 |
_aLibros raros _vCatálogos _916080 |
| 650 | 1 | 4 |
_aSubastas _97837 |
| 902 | _aGFM | ||
| 942 |
_2lcc _cB |
||
| 999 |
_c6119 _d6119 |
||